00974cam a22002411 4500001001300000003000400013005001700017008004100034010001700075035002000092040002600112042001200138050002300150060002600173100005100199245022100250260004800471300002100519410006000540500008500600504003000685999001700715med47001293 DLC20260227111602.0820221s1947 xx 000 0 eng  amed47001293  a(OCoLC)14681606 aDLCcDNLMdOCoLCdDLC apremarc00aRA421b.U4 no. 18800aW1bUN659 no.188 19471 aVon Oettingen, W. F.q(Wolfgang Felix),d1888-10aXylidine (C, C-dimethylaniline): its toxicity and potential dangers as compared with those of anilineband an appraisal of the potential hazards from its use in blending gasoline,cby W. F. Von Oettingen [and others] aWashington,bU.S. Govt. Print. Off.,c1947. avi, 124 p.bill.20aNational Institute of Health (U.S.)tBulletin,vno. 188 aAt head of title: Federal Security Agency. United States Public Health Service. aBibliography: p. 123-124. c38293d38293